[Event "CASCUTIA LA BERA"]
[Site "http://www.queenalice.com/game.php?id=1192512"]
[Date "2013.6.19"]
[Round "1"]
[White "vierad2"]
[Black "megagro"]
[Result "0-1"]
[WhiteElo "1176"]
[BlackElo "1512"]

1. e4 e5 2. Nf3 Nc6 3. c3 d5 4. Bb5 a6 5. Qa4 Bd7 6. Bxc6 Bxc6 7. Qb3 f6 8. d3
dxe4 9. dxe4 Bxe4 10. Qa4+ Bc6 11. Qb3 Qd7 12. O-O g5 13. Nbd2 Bh6 14. c4 g4 15.
Nh4 Bxd2 16. Rd1 Ba4 17. Qxb7 Bxd1 18. Qxa8+ Kf7 19. c5 Be2 20. Qe4 Bb5 21. a4
Bg5 22. Nf5 Qd1+ 23. Qe1 Qxe1# 0-1

[Event "Challenge"]
[Site "http://www.queenalice.com/game.php?id=1195944"]
[Date "2013.7.1"]
[Round "-"]
[White "megagro"]
[Black "Luan7789101"]
[Result "1-0"]
[WhiteElo "1500"]
[BlackElo "1123"]

1. e4 e5 2. Nf3 Nc6 3. d4 Bb4+ 4. Bd2 d6 5. Bb5 Bg4 6. Bxc6+ bxc6 7. Bxb4 Nf6 8.
Nc3 O-O 9. dxe5 dxe5 10. Bxf8 Qxf8 11. h3 Bxf3 12. Qxf3 Qd6 13. g4 Rd8 14. Rd1
Qe7 15. Rxd8+ Qxd8 16. O-O Qd2 17. Rd1 Qxc2 18. Rd8+ Ne8 19. Rxe8# 1-0

[Event "Challenge"]
[Site "http://www.queenalice.com/game.php?id=1201287"]
[Date "2013.7.20"]
[Round "-"]
[White "megagro"]
[Black "vierad2"]
[Result "0-1"]
[WhiteElo "1381"]
[BlackElo "1225"]

1. e4 e5 2. Nf3 d6 3. d4 Bg4 4. dxe5 Bxf3 5. Qxf3 dxe5 6. Bc4 f6 7. Nc3 Nc6 8.
Bxg8 Rxg8 9. Qh5+ g6 10. Qxh7 Rg7 11. Qh8 Nd4 12. O-O g5 13. Rd1 c6 14. Kf1 Qa5
15. Bd2 O-O-O 16. a3 Qa6+ 17. Ke1 Nxc2# 0-1

[Event "campina"]
[Site "http://www.queenalice.com/game.php?id=1202035"]
[Date "2013.7.23"]
[Round "-"]
[White "favarao90"]
[Black "megagro"]
[Result "0-1"]
[WhiteElo "1575"]
[BlackElo "1346"]

1. Nf3 d5 2. d4 f6 3. Nc3 Nc6 4. e4 Be6 5. Bf4 g5 6. Bg3 a6 7. exd5 Bxd5 8. Nxd5
Qxd5 9. Bxc7 g4 10. Ng1 Nxd4 11. c4 Qe4+ 12. Ne2 Nc2+ 13. Kd2 Nxa1 14. Qxa1 Qxc4
15. Qc1 Bh6+ 16. f4 Qd5+ 17. Ke1 Qd7 18. Bb6 f5 19. Qc3 Nf6 20. h3 O-O 21. hxg4
Nxg4 22. Nd4 Rf6 23. Bc4+ Kf8 24. Bc5 b6 25. Bxb6 Rxb6 26. Rh5 Rf6 27. g3 Re8
28. Nf3 Qa7 29. Ne5 Qf2+ 30. Kd1 Rd8+ 31. Nd3 Qxg3 32. Kc2 Ne3+ 33. Kb3 Nxc4 34.
Kxc4 Rc8+ 35. Nc5 Qxc3+ 36. bxc3 Kg7 37. Kd4 Bxf4 38. Nd7 Rd8 0-1

[Event "OS INCLIVEIS"]
[Site "http://www.queenalice.com/game.php?id=1205440"]
[Date "2013.8.5"]
[Round "-"]
[White "adelio"]
[Black "megagro"]
[Result "1-0"]
[WhiteElo "1749"]
[BlackElo "1346"]

1. d4 d5 2. e4 dxe4 3. Nc3 c6 4. Nxe4 Nf6 5. Nxf6+ exf6 6. Be3 g5 7. g4 f5 8.
Bc4 fxg4 9. f3 Qe7 10. Qe2 Qb4+ 11. c3 Qe7 12. Bxg5 f6 13. Bxf6 Qxe2+ 14. Bxe2
Rg8 15. f4 c5 16. d5 h5 17. O-O-O Bf5 18. d6 Rg6 19. Be5 Nd7 20. Bb5 a6 21.
Bxd7+ Kxd7 22. Ne2 Bxd6 23. Ng3 Ke6 24. Rxd6+ Kf7 25. Nxf5 Rxd6 26. Nxd6+ Ke6
27. Nxb7 h4 28. Nxc5+ Kf5 29. Rd1 g3 30. hxg3 h3 31. Rd5 h2 32. Bd6+ Kg4 33. Rd1
Rh8 34. Rh1 Kxg3 35. f5+ Kg2 36. Rxh2+ Rxh2 37. Bxh2 Kxh2 38. f6 Kg3 39. f7 Kf4
40. f8=Q+ Ke5 41. Nxa6 Kd5 42. Qe7 Kc4 43. Qc5+ Kd3 44. Nb4+ Ke4 45. Qg5 Kf3 46.
Kd2 Ke4 47. Nd5 Kf3 48. Qf4+ Kg2 49. Ne3+ Kh1 50. Qg4 1-0

[Event "Challenge"]
[Site "http://www.queenalice.com/game.php?id=1211888"]
[Date "2013.8.27"]
[Round "-"]
[White "vierad2"]
[Black "megagro"]
[Result "1/2-1/2"]
[WhiteElo "1280"]
[BlackElo "1409"]

1. a4 e5 2. b3 d5 3. e3 e4 4. c4 Bb4 5. Qh5 Nf6 6. Qe5+ Be6 7. cxd5 Qxd5 8. Qxc7
O-O 9. Bc4 Qc6 10. Qe5 Bxc4 11. bxc4 Qxc4 12. Ne2 Nc6 13. Qb5 Qxb5 14. axb5 Ne5
15. Nf4 Rad8 16. O-O a5 17. bxa6 bxa6 18. Rxa6 Nc4 19. Ra4 Nxd2 20. Rxb4 Nxf1
21. Kxf1 Rd1+ 22. Ke2 Rxc1 23. Nd2 Rc2 24. Rc4 Rxc4 25. Nxc4 Nd7 26. Nd6 f5 27.
Nd5 g6 28. f4 exf3+ 29. gxf3 h5 30. h4 Kg7 31. f4 Nf6 32. Nc3 Rd8 33. Nc4 Nd5
34. Nb5 Re8 35. Ne5 Kf6 36. Nd6 Rxe5 37. fxe5+ Kxe5 38. Nf7+ Ke4 39. Ng5+ Ke5
40. Kf3 f4 41. e4 Nf6 42. Nf7+ Kd4 43. e5 Nd5 44. e6 Kc5 45. Ke4 Kc6 46. Ne5+
Kd6 47. e7 Nxe7 48. Nf7+ Ke6 49. Ng5+ Kf6 50. Kxf4 Nf5 51. Ne4+ Kg7 52. Kg5 Nxh4
53. Kxh4 Kh6 54. Ng5 Kg7 55. Ne6+ Kf6 56. Ng5 Kf5 57. Nh3 Kf6 58. Nf4 Kg7 59.
Kg5 h4 60. Kxh4 g5+ 61. Kxg5 Kf7 1/2-1/2

[Event "É nóis"]
[Site "http://www.queenalice.com/game.php?id=1218294"]
[Date "2013.9.19"]
[Round "-"]
[White "megagro"]
[Black "favarao90"]
[Result "1-0"]
[WhiteElo "1397"]
[BlackElo "1522"]

1. d4 d5 2. Nc3 e6 3. e4 Nc6 4. Bb5 dxe4 5. Nxe4 Qd5 6. Qd3 Bd7 7. Nf3 Nf6 8.
Nxf6+ gxf6 9. Bf4 e5 10. dxe5 Qxd3 11. cxd3 fxe5 12. Nxe5 Bb4+ 13. Kd1 O-O-O 14.
Nxf7 Nd4 15. Bxd7+ Kxd7 16. Nxh8 Rxh8 17. Be5 Rd8 18. Bxd4 Kc8 19. a3 Rxd4 20.
Ke2 Bd6 21. g3 b5 22. f4 b4 23. Ke3 Bc5 24. axb4 Rxb4+ 25. Kf3 Rxb2 26. f5 Rf2+
27. Ke4 Kd7 28. g4 Ke7 29. g5 Kf7 30. h4 Bb6 31. Ke5 Rd2 32. h5 Rxd3 33. g6+
hxg6 34. hxg6+ Kg7 35. Rh7+ Kg8 36. Rah1 Bd4+ 37. Ke6 Rf3 38. Rxc7 a5 39. Rb1
Re3+ 40. Kd5 Bg7 41. Rb8+ Bf8 42. g7 Re7 43. gxf8=Q+ 1-0

[Event "Challenge"]
[Site "http://www.queenalice.com/game.php?id=1226161"]
[Date "2013.10.21"]
[Round "-"]
[White "megagro"]
[Black "vierad2"]
[Result "0-1"]
[WhiteElo "1390"]
[BlackElo "1275"]

1. e4 e5 2. d4 exd4 3. Nf3 c5 4. Qd3 Nc6 5. Qc4 Na5 6. Qd5 d6 7. Bb5+ Bd7 8. Ng5
Qf6 9. e5 Qxe5+ 10. Qxe5+ dxe5 11. Bxd7+ Kxd7 12. Nxf7 Ke6 13. Nxh8 Bd6 14. c3
d3 15. Nd2 Nf6 16. O-O e4 17. Re1 Rxh8 18. Nxe4 Kd5 19. Nxf6+ gxf6 20. b3 b5 21.
Be3 Be5 22. Rad1 c4 23. bxc4+ Kxc4 24. Bxa7 Rd8 25. Bb6 Bxc3 26. Re4+ Rd4 27.
Bxd4 Bxd4 28. g4 Nc6 29. Kg2 Ne5 0-1

[Event "v de andrade"]
[Site "http://www.queenalice.com/game.php?id=1270883"]
[Date "2014.4.6"]
[Round "-"]
[White "megagro"]
[Black "vierad2"]
[Result "0-1"]
[WhiteElo "1387"]
[BlackElo "1296"]

1. e4 e6 2. e5 Ne7 3. d4 d6 4. f4 dxe5 5. fxe5 Nf5 6. Nf3 c5 7. Be3 Nxe3 8. Qd2
cxd4 9. Nxd4 Qxd4 10. Bd3 Qxe5 11. Nc3 Nxc2+ 12. Kf2 Bc5+ 13. Kf3 Nd4+ 0-1